Weihnachtsquiz: Filme und Serien - Statistiken

Allgemein
  • Dieses Quiz wurde 94 mal gespielt
  • Das Durchschnittsergebnis liegt bei 6 aus 10
Antwortstatistiken
Hinweis Antwort % Korrekt
Junge gegen 2 Einbrecher Kevin - Allein zu Haus
99%
Eine grüne Kreatur hasst Weihnachten Der Grinch
97%
Junge in Großstadt gegen 2 Banditen Kevin - Allein in New York
93%
Ein Junge fährt im Zug zum Nordpol Der Polarexpress
84%
Ein kleiner Junge und sein adeliger Opa Der kleine Lord
63%
Zeichentrickserie, die jedes Jahr bei SuperRTL läuft Weihnachtsmann & Co. KG
62%
Ebenezer Scrooge und mehrere Geister Die Weihnachtsgeschichte
48%
Filmreihe, in der Tim Allen zum Weihnachtsmann wird Santa Clause
40%
Ein Mädchen und ein Prinz verlieben sich Drei Haselnüsse für Aschenbrödel
34%
Ein Baby wächst bei Fabelwesen am Nordpol auf Buddy - Der Weihnachtself
2%
Keine übereinstimmenden Quizze gefunden
Verteilung der Resultate
Anzahl Personen mit jedem Resultat
Perzentil nach korrekt beantworteten Fragen
Ihre Resultats-Entwicklung
Sie haben dieses Quiz noch nicht gespielt